Bilecik Bilecik Bilecik Bilecik Bilecik

Osmanlıca dersleri/ (Record no. 11200)

MARC details
000 -BAŞLIK
Sabit Uzunluktaki Kontrol Alanı 01167nam a22003857a 4500
001 - KONTROL NUMARASI
Control Dosyası 0011230
003 - KONTROL NUMARASI KİMLİĞİ
Kontrol Alanı KOHA_MİRAKIL
005 - EN SON İŞLEM TARİHİ ve ZAMANI
Kontrol Alanı 20260207001809.0
007 - FİZİKSEL TANIM SABİT ALAN - GENEL BİLGİ
Sabit uzunluklu kontrol alanı ta
008 - SABİT UZUNLUKTAKİ VERİ ÖGELERİ - GENEL BİLGİ
Sabit Alan 091202b2005 tu |||gr||||#0|||1|ota |
020 ## - ISBN - ULUSLARARASI STANDART KİTAP NUMARASI
Isbn 9754834903
Kullanılabilirlik koşulları 0,01
040 ## - KATALOGLAMA KAYNAĞI
Özgün Kataloglama Kurumu TR-BiSEU
Kataloglama Dili tur
Çeviri Kurumu TR-BiSEU
Açıklama Kuralları rda
041 0# - DİL KODU
Metin ya da ses kaydının dil kodu ota
044 ## - YAYINLAYAN/ÜRETEN KURULUŞUN ÜLKE KODU
ISO country code tu
050 ## - SINIFLAMA ve YER NUMARASI
Sınıflama Numarası PL121
Yer Numarası .B35 2000
100 1# - KİŞİ ADI
Yazar Adı (Kişi adı) Balata, Refet Yalçın.
245 1# - ESER ADI BİLDİRİMİ
Başlık Osmanlıca dersleri/
Sorumluluk Bildirimi Refet Yalçın Balata ; Refet Yalçın Balata.
264 #1 - ÜRERİM, YAYIN, DAĞITIM ve TELİF BİLDİRİMİ
Yayın yeri İzmir :
Yayınlayan Ege Üniversitesi
Yayın tarihi 2005
300 ## - FİZİKSEL TANIMLAMA
Sayfa, Cilt vb. 115+62 sayfa; 25 cm.
336 ## - İÇERİK TÜRÜ
Content type term metin
Content type code txt
Source rdacontent
337 ## - MEDYA TÜRÜ
Media type term aracısız
Media type code n
Source rdamedia
338 ## - TAŞIYICI TÜRÜ
Carrier type term cilt
Carrier type code nc
Source rdacarrier
490 1# - DİZİ BİLDİRİMİ
Dizi Bildirimi Ege Üniversitesi Yayınları .
490 1# - DİZİ BİLDİRİMİ
Dizi Bildirimi Edebiyat Fakültesi yayınları ;
Cilt Numarası no.
490 1# - DİZİ BİLDİRİMİ
Dizi Bildirimi 1117.
505 ## - İÇİNDEKİLER NOTU
İçindekiler Notu
650 #0 - KONU BAŞLIĞI EK GİRİŞ - KONU TERİMİ
Konusal terim veya coğrafi ad Türk Dili--Dilbilgisi.
9 (RLIN) 13381
650 #0 - KONU BAŞLIĞI EK GİRİŞ - KONU TERİMİ
Konusal terim veya coğrafi ad Türk Dili--Ders Kitapları.
9 (RLIN) 13382
650 #0 - KONU BAŞLIĞI EK GİRİŞ - KONU TERİMİ
Konusal terim veya coğrafi ad Yazı, Osmanlıca.
9 (RLIN) 13383
830 1# - SERİ EK GİRİŞİ - TEKBİÇİM ESER ADI
Tekbiçim Başlık Ege Üniversitesi Yayınları .
9 (RLIN) 27338
830 1# - SERİ EK GİRİŞİ - TEKBİÇİM ESER ADI
Tekbiçim Başlık Edebiyat Fakültesi yayınları ;
Volume number/sequential designation no.
9 (RLIN) 6621
830 1# - SERİ EK GİRİŞİ - TEKBİÇİM ESER ADI
Tekbiçim Başlık 1117.
9 (RLIN) 27339
907 ## - LOCAL DATA ELEMENT G, LDG (RLIN)
a Ders Kitabı
942 ## - EK GİRİŞ ÖGELERİ (KOHA)
Source of classification or shelving scheme Library of Congress Classification
Koha item type Book
505 ## - İÇİNDEKİLER NOTU
--
Holdings
Materyal Türü Kalıcı Konum Mevcut Konum Raf Yeri Sınıflandırma Kaynağı Edinim Bilgisi Ana Konular Alt Konular Yer Numarası Demirbaş Numarası Fatura Tarihi Geri Çekilme Durumu Kayıp Durumu Hasarlı Durumu Kredi için değil Kayıt Tarih Toplam Ödünçverme Son Görülme Tarihi Son Kontrol Tarihi Genel / Bağış Notu
Book Prof. Dr. Azmi Özcan Kütüphanesi Prof. Dr. Azmi Özcan Kütüphanesi Birûni Salonu Library of Congress Classification Bağış DİL VE EDEBİYAT Doğu Asya, Afrika, Okyanusya Dilleri ve Edebiyatları PL121 .B35 2000 0011230 13/08/2010         02/12/2009 7 05/12/2024 05/12/2024 Genel Bağış